Vplyv vzdelania na hodnotové postoje k reprodukčnému správaniu na Slovensku

Postoje, ktoré sa dotýkajú reprodukčných zámerov dospelých jednotlivcov. Analýzy uskutočnené na základe údajov získaných z Výskumu európskych hodnôt – European Values Studies. Na preukázanie možnej spojitosti medzi výškou dosiahnutého vzdelania a postojmi k reprodukčnému správaniu použité okrem metó...

ver descrição completa

Na minha lista:
Detalhes bibliográficos
Autor principal: Fekiačová, Eva, 1994-
Formato: Capítulo de Livro
Idioma:eslovaco
Assuntos:
Tags: Adicionar Tag
Sem tags, seja o primeiro a adicionar uma tag!

MARC

LEADER 00000naa$a2200000$$$4500
001 0280340
005 20240502074342.2
041 0 |a slo 
044 |a SK 
245 1 0 |a Vplyv vzdelania na hodnotové postoje k reprodukčnému správaniu na Slovensku  |c Eva Fekiačová 1994- 
520 |a Postoje, ktoré sa dotýkajú reprodukčných zámerov dospelých jednotlivcov. Analýzy uskutočnené na základe údajov získaných z Výskumu európskych hodnôt – European Values Studies. Na preukázanie možnej spojitosti medzi výškou dosiahnutého vzdelania a postojmi k reprodukčnému správaniu použité okrem metód opisnej štatistiky aj výsledky modelu logistickej regresie. 
610 2 0 |a regresia 
610 2 0 |a reprodukcia 
610 2 0 |a vzdelanie 
610 2 0 |a postoje 
100 1 |a Fekiačová, Eva, 1994-